00632nam a2200169 a 450000500170000000800410001702000180005805000180007610000200009424501000011426000530021430000170026744000180028465000310030299900190033395201100035220140412111317.0001219s19uu xx 00 eng d a0-7214-1327-7 aERbDo65 1990 aMurray, William aDolphin chase (The) /cby William Murray ; stories by Jill Corby ; illustrated by Terry Burton. aLeicestershire, UK :bLadybird Books Ltd,c1990. a41 p. ; ill. aRead with me! aEnglish language - Readers c104249d104249 00104050aELbELcERd2000-12-19eDonationl0oER Do65 1990pE7141r2014-04-12 00:00:00w2014-04-12yBK